[Event "NRW-ch U14 Girls"]
[Site "Kranenburg"]
[Date "2009.04.16"]
[Round "6"]
[White "Pilat, Angelice"]
[Black "Huemmecke, Miriam"]
[Result "0-1"]
[WhiteElo "1359"]
[BlackElo "1441"]
[PlyCount "54"]
[EventDate "2009.04.13"]
[EventType "swiss"]
[EventRounds "7"]
[EventCountry "GER"]
[SourceTitle "EXT 2010"]
[Source "ChessBase"]
[SourceDate "2010.11.25"]
[SourceVersion "1"]
[SourceVersionDate "2010.11.25"]
[SourceQuality "1"]

1. e4 e5 2. Nf3 Nc6 3. Bc4 Nf6 4. Ng5 d5 5. exd5 Nd4 6. d6 Qxd6 7. Nxf7 Qc6 8. 0-0 Qxc4 9. Nxh8 Nxc2 10. d3 Qc6 11. Nc3 Nxa1 12. Bd2 g6 13. Qxa1 Bg7 14. Nxg6 hxg6 15. Qd1 Bf5 16. Qe2 Nd7 17. Bg5 Bf6 18. Be3 0-0-0 19. Rc1 a6 20. Qd2 Qd6 21. Rd1 Nc5 22. Bxc5 Qxc5 23. Na4 Qb5 24. Nc3 Qxd3 25. Qe1 Qc2 26. Rb1 Qd2 27. Qxd2 Rxd2 0-1

[Event "NRW-ch U14 Girls"]
[Site "Kranenburg"]
[Date "2009.04.15"]
[Round "4"]
[White "Huemmecke, Miriam"]
[Black "Buente, Ellen"]
[Result "1-0"]
[WhiteElo "1441"]
[BlackElo "1110"]
[PlyCount "99"]
[EventDate "2009.04.13"]
[EventType "swiss"]
[EventRounds "7"]
[EventCountry "GER"]
[SourceTitle "EXT 2010"]
[Source "ChessBase"]
[SourceDate "2010.11.25"]
[SourceVersion "1"]
[SourceVersionDate "2010.11.25"]
[SourceQuality "1"]

1. e4 e5 2. Nf3 Nc6 3. d4 exd4 4. Nxd4 Nxd4 5. Qxd4 Nf6 6. Nc3 h6 7. Bc4 b6 8. Bf4 Bc5 9. Qd2 Bb7 10. f3 Nh5 11. 0-0-0 Nxf4 12. Qxf4 0-0 13. h4 Be7 14. Kb1 a6 15. Qg4 d6 16. Ne2 b5 17. Bb3 a5 18. Ng3 Bc8 19. Qf4 Bf6 20. Nf5 Bxf5 21. Qxf5 Qc8 22. Qf4 a4 23. Bd5 c6 24. Bxc6 Be5 25. Qd2 Qxc6 26. f4 Bf6 27. Qxd6 Qxe4 28. Rhe1 Qxg2 29. Rg1 Qe4 30. Qxf6 Qh7 31. Rd5 Rac8 32. Qf5 Qxf5 33. Rxf5 Rb8 34. Rh5 Rb6 35. Rd5 Rg6 36. Rxg6 fxg6 37. Rd4 g5 38. c4 gxf4 39. cxb5 f3 40. Rd1 g5 41. hxg5 hxg5 42. b6 Rb8 43. Rg1 Rxb6 44. Rxg5+ Kf7 45. Rg1 Kf6 46. Rf1 a3 47. Rxf3+ Ke5 48. Rxa3 Rh6 49. Rc3 Rh1+ 50. Rc1 1-0

[Event "NRW-ch U14 Girls"]
[Site "Kranenburg"]
[Date "2009.04.14"]
[Round "2"]
[White "Huemmecke, Miriam"]
[Black "Schrader, Elanor"]
[Result "0-1"]
[WhiteElo "1441"]
[BlackElo "1356"]
[PlyCount "70"]
[EventDate "2009.04.13"]
[EventType "swiss"]
[EventRounds "7"]
[EventCountry "GER"]
[SourceTitle "EXT 2010"]
[Source "ChessBase"]
[SourceDate "2010.11.25"]
[SourceVersion "1"]
[SourceVersionDate "2010.11.25"]
[SourceQuality "1"]

1. e4 c5 2. c3 e5 3. Nf3 Nc6 4. d4 cxd4 5. cxd4 exd4 6. Nxd4 Nf6 7. Nxc6 bxc6 8. Qd4 Qb6 9. Qe5+ Be7 10. h3 Qb4+ 11. Nc3 h6 12. Bd3 0-0 13. 0-0 Re8 14. Qf4 d5 15. Qf3 d4 16. Ne2 c5 17. b3 Bd6 18. Nf4 a5 19. Nh5 Nxh5 20. Qxh5 Re5 21. Qe2 a4 22. Bc4 axb3 23. Bxb3 Ba6 24. Qf3 c4 25. Bf4 cxb3 26. Bxe5 Bxf1 27. Bxd6 Qxd6 28. Rxf1 bxa2 29. Ra1 Qe5 30. Qe2 d3 31. Qd1 Qxe4 32. Qd2 Qd4 33. Rxa2 Rxa2 34. Qxa2 d2 35. Qa8+ Kh7 0-1

[Event "NRW-ch U14 Girls"]
[Site "Kranenburg"]
[Date "2009.04.13"]
[Round "1"]
[White "Gadschisade, Natawan"]
[Black "Huemmecke, Miriam"]
[Result "0-1"]
[WhiteElo "1065"]
[BlackElo "1441"]
[PlyCount "106"]
[EventDate "2009.04.13"]
[EventType "swiss"]
[EventRounds "7"]
[EventCountry "GER"]
[SourceTitle "EXT 2010"]
[Source "ChessBase"]
[SourceDate "2010.11.25"]
[SourceVersion "1"]
[SourceVersionDate "2010.11.25"]
[SourceQuality "1"]

1. e4 e5 2. Nf3 Nc6 3. Bc4 Nf6 4. Ng5 d5 5. exd5 Nd4 6. c3 b5 7. cxd4 bxc4 8. Qa4+ Qd7 9. Qxc4 exd4 10. Qxd4 Qxd5 11. Qxd5 Nxd5 12. Nc3 Nb4 13. 0-0 Ba6 14. Rd1 Nd3 15. Nd5 Rc8 16. a3 Bc5 17. Nh3 0-0 18. Nb4 Bxb4 19. axb4 Nxb4 20. b3 Be2 21. Ba3 Bxd1 22. Bxb4 c5 23. Bc3 Bxb3 24. Rxa7 Rfe8 25. d3 Re2 26. Ra1 Rc2 27. Be5 Rd2 28. Rf1 Rxd3 29. Bf4 Rd1 30. Ng5 Rxf1+ 31. Kxf1 c4 32. Ne4 c3 33. Nd6 Rc6 34. Nf5 Kh8 35. Nd4 Rb6 36. Ke1 Ba4 37. Ne2 Rb1+ 38. Bc1 h6 39. f3 Ra1 40. Kf2 Bd1 41. Bf4 Bxe2 42. Kxe2 c2 43. Kf2 c1Q 44. Bxc1 Rxc1 45. Kg3 g5 46. h3 Kg7 47. Kg4 Kg6 48. h4 gxh4 49. Kxh4 f5 50. f4 Rg1 51. Kg3 Rf1 52. Kh3 Rxf4 53. g3 Rg4 0-1

[Event "GER-ch U14 Girls"]
[Site "Willingen"]
[Date "2008.05.11"]
[Round "4"]
[White "Evers, Annika"]
[Black "Huemmecke, Miriam"]
[Result "1-0"]
[WhiteElo "1516"]
[BlackElo "1471"]
[PlyCount "113"]
[EventDate "2008.05.11"]
[EventType "swiss"]
[EventRounds "9"]
[EventCountry "GER"]
[SourceTitle "CBM 124 Extra"]
[Source "ChessBase"]
[SourceDate "2008.07.03"]
[SourceVersion "1"]
[SourceVersionDate "2008.07.03"]
[SourceQuality "1"]

1. e4 e5 2. Nf3 Nc6 3. Bc4 Nf6 4. d3 Bc5 5. c3 a6 6. 0-0 h6 7. Be3 Ba7 8. Bb3 0-0 9. Nbd2 d5 10. exd5 Nxd5 11. d4 exd4 12. Nxd4 Ne5 13. N2f3 Bg4 14. h3 Nxe3 15. fxe3 Nxf3+ 16. Nxf3 Bxe3+ 17. Kh1 Bh5 18. g4 Bg6 19. Ne5 Qg5 20. Nxg6 Qxg6 21. Qf3 Kh8 22. Qxe3 f6 23. Rae1 Rae8 24. Qf3 Rxe1 25. Rxe1 Re8 26. Rxe8+ Qxe8 27. Kg2 Qe1 28. Bc4 Qd2+ 29. Qe2 Qd7 30. Bd3 Kg8 31. Qe4 Kf7 32. Qg6+ Kf8 33. Qh7 Qd5+ 34. Kf2 Qc5+ 35. Ke2 Qe5+ 36. Kd1 Qd5 37. Qe4 Qd6 38. Qd4 Qc6 39. Qb4+ Kf7 40. Qc4+ Qxc4 41. Bxc4+ Ke7 42. Ke2 Kd6 43. Ke3 Ke5 44. Bd3 a5 45. b4 b6 46. h4 g5 47. h5 c6 48. bxa5 bxa5 49. Kd2 Kd5 50. Kc2 Kd6 51. Kb3 Kc5 52. Ka4 Kb6 53. a3 c5 54. Bc4 Kc6 55. Kxa5 Kd7 56. Kb5 Kd6 57. a4 1-0

[Event "GER-ch U14 Girls"]
[Site "Willingen"]
[Date "2008.05.11"]
[Round "6"]
[White "Schaetz, Bianca"]
[Black "Huemmecke, Miriam"]
[Result "1-0"]
[WhiteElo "1311"]
[BlackElo "1471"]
[PlyCount "39"]
[EventDate "2008.05.11"]
[EventType "swiss"]
[EventRounds "9"]
[EventCountry "GER"]
[SourceTitle "CBM 124 Extra"]
[Source "ChessBase"]
[SourceDate "2008.07.03"]
[SourceVersion "1"]
[SourceVersionDate "2008.07.03"]
[SourceQuality "1"]

1. e4 e5 2. Nf3 Nc6 3. d4 exd4 4. Nxd4 Qf6 5. Nb5 Bc5 6. Be3 Bxe3 7. fxe3 Qd8 8. Qg4 g6 9. Qf4 d6 10. Bc4 Ne5 11. 0-0 f5 12. Bb3 Nf6 13. exf5 Bxf5 14. N1c3 Qe7 15. e4 Nh5 16. Qd2 a6 17. Nd5 Qg7 18. Nbxc7+ Kd7 19. Nxa8 Rxa8 20. Nb6+ 1-0

[Event "GER-ch U14 Girls"]
[Site "Willingen"]
[Date "2008.05.11"]
[Round "1"]
[White "Stark, Saskia"]
[Black "Huemmecke, Miriam"]
[Result "1-0"]
[WhiteElo "1926"]
[BlackElo "1471"]
[PlyCount "69"]
[EventDate "2008.05.11"]
[EventType "swiss"]
[EventRounds "9"]
[EventCountry "GER"]
[SourceTitle "CBM 124 Extra"]
[Source "ChessBase"]
[SourceDate "2008.07.03"]
[SourceVersion "1"]
[SourceVersionDate "2008.07.03"]
[SourceQuality "1"]

1. e4 e5 2. Nf3 Nc6 3. d4 exd4 4. Nxd4 Qf6 5. Be3 Bc5 6. c3 Nge7 7. Bc4 Ne5 8. Be2 d6 9. 0-0 0-0 10. Nd2 a6 11. b4 Ba7 12. a4 h6 13. Kh1 Qh4 14. f3 f5 15. Bf2 Qf6 16. exf5 Bxf5 17. Nc4 Rfd8 18. b5 Nxc4 19. Bxc4+ d5 20. Bd3 a5 21. Re1 Re8 22. Ra2 Qg6 23. Nxf5 Nxf5 24. Rxe8+ Rxe8 25. Bxa7 b6 26. g4 Ng3+ 27. hxg3 Qd6 28. Kg2 Ra8 29. Rd2 Rxa7 30. Be4 Qc5 31. Rxd5 Qxc3 32. Rd8+ Kf7 33. Qd7+ Kf6 34. Qf5+ Ke7 35. Rd7+ 1-0

[Event "GER-ch U12"]
[Site "Willingen"]
[Date "2007.05.28"]
[Round "5"]
[White "Huemmecke, Miriam"]
[Black "Guenthner, Arthur"]
[Result "1-0"]
[WhiteElo "1401"]
[BlackElo "1698"]
[PlyCount "111"]
[EventDate "2007.05.26"]
[EventType "swiss"]
[EventRounds "11"]
[EventCountry "GER"]
[SourceTitle "CBM 118 Extra"]
[Source "ChessBase"]
[SourceDate "2007.07.04"]
[SourceVersion "1"]
[SourceVersionDate "2007.07.04"]
[SourceQuality "1"]

1. f4 Nf6 2. Nf3 d5 3. e3 c5 4. b3 e6 5. Bb2 Be7 6. Be2 0-0 7. 0-0 Ne4 8. d3 Bf6 9. Bxf6 Nxf6 10. Nbd2 Ng4 11. Qc1 Nxe3 12. Rf2 Nf5 13. Ne5 Nd7 14. Ndf3 Nxe5 15. Nxe5 Nd4 16. Qd2 Qf6 17. Raf1 Qe7 18. c3 Nf5 19. g4 Nd6 20. Qe3 Qc7 21. h4 b6 22. Qg3 Bb7 23. h5 h6 24. g5 Nf5 25. Qh3 hxg5 26. Ng4 Kh7 27. fxg5 Qg3+ 28. Qxg3 Nxg3 29. Re1 Nxh5 30. Rh2 g6 31. Ne5 Kg7 32. Bxh5 gxh5 33. Rxh5 Rh8 34. Rh6 Rxh6 35. gxh6+ Kxh6 36. Nxf7+ Kg7 37. Nd6 Ba6 38. Rxe6 Bxd3 39. Re5 Bb1 40. a3 Ba2 41. b4 cxb4 42. axb4 Rd8 43. Re7+ Kf6 44. Rxa7 Rxd6 45. Rxa2 Rc6 46. Rc2 d4 47. c4 d3 48. Rd2 Rxc4 49. Rxd3 Rxb4 50. Kf2 Ke5 51. Ke3 Rb2 52. Rd8 b5 53. Kd3 Rb1 54. Kc3 b4+ 55. Kc2 Re1 56. Re8+ 1-0

[Event "GER-ch U12"]
[Site "Willingen"]
[Date "2007.05.28"]
[Round "3"]
[White "Huemmecke, Miriam"]
[Black "Stahnecker, Ludwig"]
[Result "1/2-1/2"]
[WhiteElo "1401"]
[BlackElo "1617"]
[PlyCount "72"]
[EventDate "2007.05.26"]
[EventType "swiss"]
[EventRounds "11"]
[EventCountry "GER"]
[SourceTitle "CBM 118 Extra"]
[Source "ChessBase"]
[SourceDate "2007.07.04"]
[SourceVersion "1"]
[SourceVersionDate "2007.07.04"]
[SourceQuality "1"]

1. f4 d5 2. Nf3 Nf6 3. e3 e6 4. b3 Be7 5. Bb2 0-0 6. Be2 c5 7. 0-0 Nc6 8. Ne5 Qc7 9. d3 Nd7 10. Nxc6 bxc6 11. Nd2 a5 12. Nf3 f6 13. Nd2 Rb8 14. e4 Nb6 15. Rc1 Qa7 16. Kh1 Bd7 17. Bg4 f5 18. exf5 exf5 19. Bf3 Bd6 20. Be2 Qc7 21. g3 d4 22. c3 Nd5 23. Rf2 Ne3 24. Qg1 Qa7 25. Nc4 Nxc4 26. dxc4 a4 27. Bd1 axb3 28. Bxb3 Kh8 29. Rd2 dxc3 30. Bxc3 Be7 31. Be5 Rbd8 32. Qg2 Bc8 33. Rcd1 Kg8 34. Kg1 Bb7 35. g4 Rxd2 36. Rxd2 Bf6 1/2-1/2

[Event "NRW-ch U14 Girls"]
[Site "Kranenburg"]
[Date "2007.04.10"]
[Round "2"]
[White "Popov, Xenia"]
[Black "Huemmecke, Miriam"]
[Result "0-1"]
[WhiteElo "1427"]
[BlackElo "1266"]
[PlyCount "50"]
[EventDate "2007.04.09"]
[EventType "swiss"]
[EventRounds "7"]
[EventCountry "GER"]
[SourceTitle "EXT 2008"]
[Source "ChessBase"]
[SourceDate "2007.11.25"]
[SourceVersion "1"]
[SourceVersionDate "2007.11.25"]
[SourceQuality "1"]

1. d4 d5 2. Nf3 Nf6 3. Bf4 Bg4 4. Nbd2 e6 5. e3 Bd6 6. Bg3 Nbd7 7. Bd3 0-0 8. e4 dxe4 9. Nxe4 Nxe4 10. Bxe4 Nf6 11. Bd3 Nd5 12. Bh4 Be7 13. Bxe7 Qxe7 14. 0-0 Qf6 15. Be2 Nf4 16. c3 Rad8 17. h3 Nxe2+ 18. Qxe2 Bxf3 19. gxf3 Rd5 20. Qe4 Rf5 21. Qxb7 Rxf3 22. Kg2 Rf5 23. Qxc7 e5 24. dxe5 Rg5+ 25. Kh2 Qf4+ 0-1

[Event "NRW-ch U14 Girls"]
[Site "Kranenburg"]
[Date "2007.04.09"]
[Round "1"]
[White "Huemmecke, Miriam"]
[Black "Brune, Lena Marie"]
[Result "1-0"]
[WhiteElo "1266"]
[BlackElo "898"]
[PlyCount "57"]
[EventDate "2007.04.09"]
[EventType "swiss"]
[EventRounds "7"]
[EventCountry "GER"]
[SourceTitle "EXT 2008"]
[Source "ChessBase"]
[SourceDate "2007.11.25"]
[SourceVersion "1"]
[SourceVersionDate "2007.11.25"]
[SourceQuality "1"]

1. e4 c5 2. c3 d6 3. d4 b6 4. dxc5 bxc5 5. Qd5 Bb7 6. Qxb7 Nd7 7. Bb5 Ngf6 8. Bxd7+ Nxd7 9. Qd5 e6 10. Qd3 Be7 11. Nf3 0-0 12. 0-0 Nf6 13. Bf4 d5 14. exd5 Nxd5 15. Bg3 Qb6 16. b3 Rfd8 17. Qe4 Nf6 18. Qe2 Qb7 19. Ne5 Bd6 20. Rd1 Ne4 21. Nc4 Nxg3 22. hxg3 Qb5 23. Qf3 Be7 24. Rxd8+ Rxd8 25. Ne5 Bf6 26. Nc4 Qd7 27. Nbd2 Bg5 28. Ne4 Bh6 29. Nxc5 1-0

[Event "Saarbruecken-chT U20"]
[Site "Saarbruecken"]
[Date "2006.11.24"]
[Round "6.8"]
[White "Huemmecke, Miriam"]
[Black "Korman, Jewgenija"]
[Result "1/2-1/2"]
[WhiteElo "1203"]
[BlackElo "1409"]
[PlyCount "85"]
[EventDate "2006.11.??"]
[EventType "team"]
[EventRounds "7"]
[EventCountry "GER"]
[SourceTitle "EXT 2008"]
[Source "ChessBase"]
[SourceDate "2007.11.25"]
[SourceVersion "1"]
[SourceVersionDate "2007.11.25"]
[SourceQuality "1"]

1. e4 c6 2. d4 d5 3. Nc3 e6 4. Bd3 dxe4 5. Bxe4 Nf6 6. Bf3 h6 7. Nge2 Bd6 8. Ng3 Nbd7 9. Nce4 Bb4+ 10. Bd2 Nxe4 11. Nxe4 Bxd2+ 12. Qxd2 Nf6 13. 0-0-0 Nxe4 14. Bxe4 Qd6 15. Kb1 0-0 16. h4 Rd8 17. h5 c5 18. c3 cxd4 19. cxd4 Rb8 20. g4 e5 21. Rhg1 exd4 22. g5 Kh8 23. Qd3 Qf4 24. gxh6 Qxh6 25. Qg3 Be6 26. Rxd4 b6 27. Rd3 Rg8 28. Rd6 Rbd8 29. Rxd8 Rxd8 30. f4 f5 31. Bf3 Bd5 32. Rd1 Be4+ 33. Ka1 Rxd1+ 34. Bxd1 Qd6 35. Bb3 Qd2 36. Qc3 Qxc3 37. bxc3 Bf3 38. Be6 Bg4 39. Bf7 Kh7 40. Bg6+ Kh6 41. Kb2 Bxh5 42. Bxf5 Bg6 43. Bg4 1/2-1/2

[Event "Saarbruecken-chT U20"]
[Site "Saarbruecken"]
[Date "2006.11.22"]
[Round "4.8"]
[White "Huemmecke, Miriam"]
[Black "Mueller, Alexandra"]
[Result "0-1"]
[WhiteElo "1203"]
[BlackElo "1172"]
[PlyCount "136"]
[EventDate "2006.11.??"]
[EventType "team"]
[EventRounds "7"]
[EventCountry "GER"]
[SourceTitle "EXT 2008"]
[Source "ChessBase"]
[SourceDate "2007.11.25"]
[SourceVersion "1"]
[SourceVersionDate "2007.11.25"]
[SourceQuality "1"]

1. e4 e5 2. Nf3 Nc6 3. d4 exd4 4. Nxd4 Be7 5. Nxc6 dxc6 6. Qxd8+ Bxd8 7. Nc3 Be6 8. Bf4 Ne7 9. 0-0-0 Ng6 10. Bg3 Bg5+ 11. Kb1 Bf4 12. Bxf4 Nxf4 13. g3 Ng6 14. f4 Bd7 15. Be2 Rd8 16. Rd4 Ke7 17. Rhd1 Bc8 18. e5 Rxd4 19. Rxd4 Rd8 20. Rxd8 Kxd8 21. Kc1 Ke7 22. Kd2 Bf5 23. g4 Bd7 24. Ke3 Nf8 25. f5 g6 26. Bd3 h6 27. h4 b6 28. Kf4 Bc8 29. Be4 Bd7 30. Ne2 c5 31. Nc3 c6 32. Ke3 Be8 33. Kd3 Kd7 34. Kc4 Kc7 35. Ne2 g5 36. hxg5 hxg5 37. Ng3 Nd7 38. e6 fxe6 39. fxe6 Ne5+ 40. Kc3 Nxg4 41. Bf5 Nf6 42. Kd3 Kd8 43. Ne4 Nxe4 44. Kxe4 Ke7 45. Kf3 Bh5+ 46. Ke4 Bd1 47. c3 Bc2+ 48. Ke5 Bxf5 49. Kxf5 g4 50. Kxg4 Kxe6 51. Kf3 Kd5 52. Ke3 b5 53. Kd3 b4 54. c4+ Ke5 55. Ke3 a6 56. a3 a5 57. a4 b3 58. Kd3 Kf4 59. Kc3 Ke4 60. Kxb3 Kd4 61. Kc2 Kxc4 62. Kd2 Kb4 63. Kc2 Kxa4 64. Kc3 Kb5 65. Kb3 a4+ 66. Kc3 c4 67. Kc2 Kb4 68. Kb1 Kb3 0-1

[Event "GER-ch U12"]
[Site "Willingen"]
[Date "2006.06.04"]
[Round "3"]
[White "Huemmecke, Miriam"]
[Black "Lindner, Sebastian"]
[Result "0-1"]
[WhiteElo "1295"]
[BlackElo "1496"]
[PlyCount "146"]
[EventDate "2006.06.03"]
[EventType "swiss"]
[EventRounds "11"]
[EventCountry "GER"]
[SourceTitle "EXT 2007"]
[Source "ChessBase"]
[SourceDate "2006.11.23"]
[SourceVersion "1"]
[SourceVersionDate "2006.11.23"]
[SourceQuality "1"]

1. e4 c5 2. Nf3 d6 3. d4 cxd4 4. Qxd4 Nc6 5. Bb5 Bd7 6. Bxc6 bxc6 7. Nc3 Nf6 8. Bg5 e5 9. Qd3 Be7 10. 0-0-0 Ng4 11. Bxe7 Qxe7 12. Rhf1 d5 13. exd5 0-0 14. dxc6 Bxc6 15. Rde1 Bxf3 16. gxf3 Qg5+ 17. Kb1 Rad8 18. Qe2 Rd2 19. Ne4 Rxe2 20. Nxg5 Rxe1+ 21. Rxe1 Nh6 22. b4 f6 23. Nh3 Nf5 24. c4 Rb8 25. a3 Nd6 26. Rc1 Kf7 27. Kb2 Ke6 28. Kb3 Nf5 29. Ka4 Nd4 30. Ng1 Rb6 31. b5 Kd7 32. Rb1 Kd6 33. Ka5 Kc5 34. Rb4 Nc2 35. Ra4 Nd4 36. Rb4 g5 37. h3 h5 38. Rb2 Kxc4 39. Rb4+ Kc3 40. Ka4 h4 41. Ka5 f5 42. Rb1 Kc4 43. Rb4+ Kc5 44. Rb1 Rxb5+ 45. Rxb5+ Nxb5 46. Ka6 Nxa3 47. Kxa7 Nc2 48. Kb7 Kd5 49. Kc7 e4 50. Kd7 Nd4 51. Ke7 exf3 52. Kf6 g4 53. hxg4 fxg4 54. Kg5 g3 55. Nh3 g2 56. Kxh4 Nf5+ 57. Kg4 Nd4 58. Kg3 Ke5 59. Kg4 Ke4 60. Kg3 Kf5 61. Kh4 Ne2 62. Kh5 g1Q 63. Nxg1 Nxg1 64. Kh4 Kf4 65. Kh5 Nh3 66. Kh4 Nxf2 67. Kh5 Nd3 68. Kh4 f2 69. Kh3 f1Q+ 70. Kh2 Qf2+ 71. Kh1 Qe2 72. Kg1 Kg3 73. Kh1 Qf1# 0-1

[Event "Moehnesee Cup-B"]
[Site "Moehnesee"]
[Date "2005.08.21"]
[Round "6"]
[White "Huemmecke, Miriam"]
[Black "Kissel, Sebastian"]
[Result "0-1"]
[WhiteElo "914"]
[BlackElo "1333"]
[PlyCount "88"]
[EventDate "2005.08.18"]
[EventType "swiss"]
[EventRounds "7"]
[EventCountry "GER"]
[SourceTitle "CBM 108 Extra"]
[Source "ChessBase"]
[SourceDate "2005.11.04"]
[SourceVersion "1"]
[SourceVersionDate "2005.11.04"]
[SourceQuality "1"]

1. e4 c5 2. d4 cxd4 3. c3 dxc3 4. Nxc3 e5 5. Nf3 Nc6 6. Bc4 h6 7. 0-0 Bc5 8. Qd3 d6 9. Be3 Bxe3 10. Qxe3 Nge7 11. Rad1 Bg4 12. Rd2 Qc7 13. Rfd1 Nd4 14. Be2 Bxf3 15. Bxf3 0-0 16. Bg4 f5 17. exf5 Nexf5 18. Qe4 Rae8 19. Re1 Qc6 20. Qxc6 bxc6 21. Re4 d5 22. Re1 g6 23. Bxf5 Rxf5 24. g3 Nf3+ 25. Kf1 Nxd2+ 26. Kg1 Nf3+ 27. Kf1 Nxe1 28. Kxe1 Rb8 29. b3 Rbf8 30. Nd1 e4 31. Ke2 d4 32. Ke1 c5 33. Kf1 e3 34. Ke2 exf2 35. Nxf2 Rxf2+ 36. Kd3 Rxa2 37. Kc4 Rc2+ 38. Kd3 Rxh2 39. g4 Rg2 40. g5 Rxg5 41. Kd2 Rf3 42. Ke2 Rxb3 43. Kd2 Rg2+ 44. Kc1 Rh3 0-1